000 02813cam0 2200469 ib4500
001 BY-NLB-br0001096124
005 20260402103346.0
010 ^a978-5-98156-502-1
100 ^a20140707d2013 m y0rusy50 ca
101 0 ^arus
102 ^aRU
105 ^ay z 010ay
109 ^ama
181 0 ^ai4
182 0 ^an
200 1 ^aСмоленский исторический роман 1930-х годов. В. Аристов, В. Кудимов
^fсоставитель, автор вступительной статьи О. А. Новикова
203 ^aТекст
^cнепосредственный
210 ^d2013
215 ^a294, [1] с.
327 0 ^aСодержание: Дело полковника Энгельгардта : (окончание) / В. Аристов. Мартын-живописец / В. Кудимов
345 ^9800 экз.
461 1 ^12001
^aСмоленская земля в памятниках русской словесности
^e[сборник
^fпод общей редакцией В. В. Ильина]
^vТ. 38, ч. 2
^1010
^a978-5-98156-366-9
^bв переплете
^1210
^aСмоленск
^cМаджента
^d2012—2013
^1215
^d22 см
464 0 ^12001
^aМартын-живописец
464 0 ^12001
^aДело полковника Энгельгардта
608 ^3BY-NLB-ar12376
^aИСТОРИЧЕСКИЙ РОМАН
^2BYGNR
686 ^a83.3(2Рос) + 84(2Рос)6-4
^2rubbk
690 ^a1
^2Base
^9BY-MI0000
^xRSEK
701 1 ^3BY-SEK-266177
^aАристов
^bВ. П.
^gВладимир Павлович
701 1 ^3BY-NLB-ar7784029
^aКудимов
^bВ.
^gВиктор
^f1904—1953
702 1 ^3BY-SEK-466150
^aНовикова
^bО. А.
^gОксана Александровна
^cкандидат филологических наук
^fрод. 1971
^4220
702 1 ^aИльин
^bВ. В.
^4340
801 0 ^aBY
^bBY-HM0000
^c20140707
^gpsbo
801 2 ^aBY
^bBY-MI0000
^c20260324
^gRCR
035 ^a(BY-MI0000)BY-NLB-br0001096124
899 0 ^aBY-MI0000
^iС511
^h83.3(2Рос)